00484nam a2200169Ia 45000030006000000080041000060400015000471000017000622450040000792500012001192600009001315460012001409420012001529990017001640050017001819520116001980STCL150530s9999 xx 000 0 und d aSTCLcSTCL aDastur, J.F. aUseful plants of India and pakistan aSeventh c1964 aEnglish 2ddccBK c36591d3659120220125170406.0 00102ddc4070aSTCALbSTCALcGENd2015-05-30g6.00l0o581.634-39p35252r2015-05-30 00:00:00w2015-05-30yBK